00379nam a2200121Ia 4500003000400000005001700004008004100021040001800062041000800080100003900088245009400127260003600221OSt20260124084754.0211028s2017 xx 000 0 und d cAIMIT LIBRARY aeng aBalaraju, R; Dias, Beena.g1516022 aCost analysis of formation process: a study with reference to Karnataka jesuit province / aMangalorebDr Beena Dias.c2017